Statistics for Famous People with Hyphenated Names

Click here to take the quiz!

General Stats

  • This quiz has been taken 591 times
    (167 since last reset)
  • The average score is 6 of 15

Answer Stats

LifeHintPerson% Correct
1948–English-Australian actress who starred in GreaseOlivia Newton-John
83%
1969–Welsh actress who was in ChicagoCatherine Zeta-Jones
66%
1960–"The Muscles from Brussels" (Bloodsport and Kickboxer)Jean-Claude Van Damme
59%
1957–Method actor who has won 3 Best Actor OscarsDaniel Day-Lewis
51%
1961–One of Seinfeld's four leadsJulia Louis-Dreyfus
50%
1857–1941Founder of Boy ScoutsRobert {Baden}-{Powell}
44%
1886–1973First prime minister of IsraelDavid Ben-Gurion
43%
1947–Basketball player famous for his "skyhook"Kareem Abdul-Jabbar
43%
1887–1975Leader of the Republic of China from 1928 until his deathChiang Kai-Shek
31%
1962–She excelled in the heptathlon and long jumpJackie Joyner-Kersee
31%
1981–Star of 3rd Rock from the Sun and LooperJoseph Gordon-Levitt
31%
1944–Korean Secretary-General of the UN (2007–2016)Ban Ki-moon
28%
1970–Theo Huxtable on The Cosby ShowMalcolm-Jamal Warner
22%
1944–Played Gimli in Lord of the Rings and Sallah in Indiana JonesJohn Rhys-Davies
21%
1949–2011Spoken word poet of "The Revolution Will Not Be Televised"Gil {Scott}-{Heron}
19%

Score Distribution

Percentile by Number Answered

Percent of People with Each Score

Your Score History

You have not taken this quiz since the last reset